The constitutional history of Canada / (Record no. 756)

000 -LEADER
fixed length control field 01781cam a22003014a 4500
001 - CONTROL NUMBER
control field 13973469
003 - CONTROL NUMBER IDENTIFIER
control field OSt
005 - DATE AND TIME OF LATEST TRANSACTION
control field 20140116120837.0
008 - FIXED-LENGTH DATA ELEMENTS--GENERAL INFORMATION
fixed length control field 050518r20051874nju b 001 0 eng
010 ## - LIBRARY OF CONGRESS CONTROL NUMBER
LC control number 2005014495
020 ## - INTERNATIONAL STANDARD BOOK NUMBER
International Standard Book Number 9781154670752
040 ## - CATALOGING SOURCE
Transcribing agency DLC
Modifying agency DLC
042 ## - AUTHENTICATION CODE
Authentication code pcc
043 ## - GEOGRAPHIC AREA CODE
Geographic area code n-cn---
050 00 - LIBRARY OF CONGRESS CALL NUMBER
Classification number KE4199.W38 2005
082 00 - DEWEY DECIMAL CLASSIFICATION NUMBER
Classification number 342.7102/9
Edition number 22
100 1# - MAIN ENTRY--PERSONAL NAME
Personal name Watson, Samuel James,
245 14 - TITLE STATEMENT
Title The constitutional history of Canada /
Statement of responsibility, etc Samuel James Watson.
260 ## - PUBLICATION, DISTRIBUTION, ETC. (IMPRINT)
Place of publication, distribution, etc Clark, N.J. :
Name of publisher, distributor, etc Lawbook Exchange,
Date of publication, distribution, etc 2005.
300 ## - PHYSICAL DESCRIPTION
Extent 157 p. ;
504 ## - BIBLIOGRAPHY, ETC. NOTE
Bibliography, etc Includes bibliographical references and index.
505 0# - FORMATTED CONTENTS NOTE
Formatted contents note The capitulation of Canada, 1760 : social condition of the people -- Royal proclamation of 1763 : introduction of the laws of England -- The French and British desire a House of Assembly -- The British government refuse Canada a House of Assembly : class legislation, the Quebec Bill of 1774 -- Canada and the thirteen colonies protest against the Quebec Bill -- Dissatisfaction of the majority of the French Canadians : American overtures and invasion -- Antagonism of seignior and peasant : the peasants refuse military service to the seigniors -- The status of the Roman Catholic Church : the peasants refuse it political obedience -- Peril of the province : American attack on Quebec, defeat and expulsion of the invaders -- Colonial misgovernment : French Canadian legislative councillors oppose Habeas Corpus.
650 #0 - SUBJECT ADDED ENTRY--TOPICAL TERM
Topical term or geographic name as entry element Constitutional history
Geographic subdivision Canada.
856 41 - ELECTRONIC LOCATION AND ACCESS
Materials specified Table of contents
Uniform Resource Identifier <a href="http://www.loc.gov/catdir/toc/ecip0513/2005014495.html">http://www.loc.gov/catdir/toc/ecip0513/2005014495.html</a>
906 ## - LOCAL DATA ELEMENT F, LDF (RLIN)
a 7
b cbc
c orignew
d 1
e ecip
f 20
g y-gencatlg
942 ## - ADDED ENTRY ELEMENTS (KOHA)
Source of classification or shelving scheme
Koha item type Book
Holdings
Withdrawn status Lost status Source of classification or shelving scheme Damaged status Not for loan Home library Current library Shelving location Date acquired Total Checkouts Full call number Barcode Date last seen Copy number Price effective from Koha item type
          Riara University Library Riara University Library General stack 28/10/2011   KE4199 .W38 2005 1561/11 28/10/2011 C.1 28/10/2011 Book
          Riara University Library Riara University Library General stack 28/10/2011   KE4199 .W38 2005 1562/11 28/10/2011 C.2 28/10/2011 Book
          Riara University Library Riara University Library General stack 28/10/2011   KE4199 .W38 2005 1563/11 28/10/2011 C.3 28/10/2011 Book

Riara University Library,
P.O. Box 49940-00100,
Nairobi, Kenya.